1454 1212 1452 1548 1058 1462 1828 1980 1455 1091 1082 1425 1524 1824 1594 1951 1421 1191 1578 1897 1849 1885 1890 1857 1065 1408 1278 1906 1308 1295 1424 1950 1407 1719 1879 1622 1974 1404 1371 1207 1207 1585 1449 1288 1220 1658 1828 1490 1749 1221 1824 1355 1350 1660 1018 1158 1483 1713 1235 1689 1583 1100 1955 1647 1799 1330 1711 1419 1444 1784 1948 1690 1686 1363 1402 1376 1398 1397 1067 1056 1912 1489 1072 1684 1988 1980 1409 1366 1070 1015 1781 1459 1869 1532 1900 1801 1977 1433 1197 BCNSPRNW ULIB Ver.6.0+V

เปลี่ยนเป็นภาษาไทย

Change to English
 แสดงรายละเอียดบรรณานุกรม
  กลับหน้าหลัก

Brief Record : Get Marc (ISO 2709) : E-mail record : QR code < ปิดหน้าต่าง
LEADER : 00000nam a2200000Ia 4500
001    13399126968
003     ULIB
008    190319s2561 th a 000 0 tha d
020    ^a9789743159855
040    ^aben
050  4 ^aH62^bว247ก
100 0  ^aวรรณดี สุทธินรากร
245 10 ^aการวิเคราะห์ข้อมูลในงานวิจัยเชิงคุณภาพ =^bData analysis inqualitative research /^cวรรณดี สุทธินรากร
246 31 ^aData analysis in qualitative research
250    ^aพิมพ์ครั้งที่ 1
260    ^aกรุงเทพฯ :^bสยามปริทัศน์,^c2561
300    ^a158 หน้า :^bภาพประกอบ ;^c21ซม.
505 0  ^aความหมาย พื้นฐานความเชื่อและลักษณะเฉพาะของการวิจัยเชิงคุณภาพ --ประเภทของการวิจัยเชิงคุณภาพกับการวิเคราะห์ข้อมูล --การวิเคราะห์เนื้อหาในงานวิจัยเชิงคุณภาพ -- การใช้แผนผังความคิดรวบยอด(Concept mapping) -- การเขียนรายงานการวิจัย -- การวิจัยผสานวิธี
650  4 ^aวิจัยเชิงคุณภาพ
945    ^p140^l0^i27752
945    ^p140^l0^i27754
945    ^p140^l0^i27755
945    ^p140^l0^i27753
945    ^p140^l0^i27756
995    ^aกัณชพร จุลอักษร
999    ^aกัณชพร
รายการนี้ยังไม่มีแท็ก
คุณยังไม่ได้ล็อกอิน คุณสามารถมีกิจกรรมร่วมกับเว็บไซต์ได้ แต่ต้องล็อกอินก่อน ::
  ล็อกอิน

รายการสื่อสารสนเทศ

ลำดับที่ ประเภท เลขเรียก/บาร์โค้ด สถานที่ สถานะ
1. วิทยาศาสตร์การแพทย์ และสุขภาพ
วิทยาศาสตร์การแพทย์ และสุขภาพ
H62 ว247ก ฉ.1 
  Barcode: 27752
ห้องสมุดวิทยาเขตนครสวรรค์
►หนังสือทั่วไป:l:General Books
บนชั้น
2. วิทยาศาสตร์การแพทย์ และสุขภาพ
วิทยาศาสตร์การแพทย์ และสุขภาพ
H62 ว247ก ฉ.2 
  Barcode: 27753
ห้องสมุดวิทยาเขตนครสวรรค์
►หนังสือทั่วไป:l:General Books
บนชั้น
3. วิทยาศาสตร์การแพทย์ และสุขภาพ
วิทยาศาสตร์การแพทย์ และสุขภาพ
H62 ว247ก ฉ.3 
  Barcode: 27754
ห้องสมุดวิทยาเขตนครสวรรค์
►หนังสือทั่วไป:l:General Books
บนชั้น
4. วิทยาศาสตร์การแพทย์ และสุขภาพ
วิทยาศาสตร์การแพทย์ และสุขภาพ
H62 ว247ก ฉ.4 
  Barcode: 27755
ห้องสมุดวิทยาเขตนครสวรรค์
►หนังสือทั่วไป:l:General Books
บนชั้น
5. วิทยาศาสตร์การแพทย์ และสุขภาพ
วิทยาศาสตร์การแพทย์ และสุขภาพ
H62 ว247ก ฉ.5 
  Barcode: 27756
ห้องสมุดวิทยาเขตนครสวรรค์
►หนังสือทั่วไป:l:General Books
บนชั้น

รายการใกล้เคียง
    ผู้แต่ง [วรรณดี สุทธินรากร]

    หัวเรื่อง [วิจัยเชิงคุณภาพ]

BibComment


ยังไม่เคยถูกคอมเมนท์

คอมเมนท์ทรัพยากรรายการนี้
  คอมเมนท์: การวิเคราะห์ข้อม..


 Copyright 2026. Bcnsprnw @Library